| 000 | 01109nam a2200265 a 4500 | ||
|---|---|---|---|
| 001 | |||
| 003 | 000016106 | ||
| 005 | 20211102121105.0 | ||
| 008 | 100225s1987 dr c 000 0 spa d | ||
| 040 |
_aBPMSU _bspa _cBPMSU |
||
| 082 |
_a928 _bC744b 1987 _222 |
||
| 092 | _b | ||
| 245 | 0 | 0 |
_aConcepción Bona (1824-1901) : _b Homenaje a la heroína nacional con motivo del traslado de sus restos al Panteón Nacional |
| 260 |
_aSanto Domingo : _bIntergrafic, _c1987. |
||
| 300 |
_a24 p. : _bretr. ; _c21 cm. |
||
| 500 | _aIncluye notas al pie de páginas | ||
| 500 | _aHomenaje a la heroína nacional con motivo del traslado de sus restos al Panteón Nacional | ||
| 505 | 0 | _aIntroducción -- Corta biografía -- Carta de la biznieta de Concepción Bona al presidente Balaguer-- Decreto disponible traslado restos Concepción Bona al Panteón Nacional. | |
| 600 | 1 | 4 |
_aBona y Fernández, María de la Concepción _d1824-1901 |
| 650 | 4 |
_aMujeres dominicanas _xBiografías |
|
| 910 | _aVMateo V. | ||
| 942 |
_2ddc _cBK |
||
| 945 | _ainventariado, 2018 / dg | ||
| 956 |
_aVMATEO _b10 _c20150914 _lBPMSU _h0069 |
||
| 999 |
_c7172 _d7172 |
||